حكمة ستيف جوبز التجارية : (رقم التسجيلة. 30768)
[ عرض عادي ]
| 000 -الفاتح | |
|---|---|
| حقل البيانات ثابتة الطول | 00833nam a22002057a 4500 |
| 003 - محدد رقم الضبط | |
| رقم الضبط | OSt |
| 005 - وقت وتاريخ اخر تعامل مع التسجيلة | |
| رقم الضبط | 20150408114140.0 |
| 008 - عناصر البيانات ثابتة الطول - معلومات عامة | |
| حقل البيانات ثابتة الطول | 130922s 2011su ||||| |||| 00| 0 ara d |
| 022 ## - الرقم الدولى المعيارى للدوريات | |
| المصدر | 9786035032285 |
| 040 ## - مصدر الفهرسة | |
| وكالة الفهرسة الأصلية | Mau |
| 082 ## - رقم تصنيف ديوى العشرى | |
| رقم التصنيف | 621.38 |
| رقم المادة | ت ا ح |
| 100 ## - المدخل الرئيسى - إسم شخصى | |
| الإسم الشخصى | توماس، الان كين |
| 9 (RLIN) | 37042 |
| 245 ## - بيان العنوان | |
| العنوان | حكمة ستيف جوبز التجارية : |
| بقية العنوان | مئتان وخمسون شاهدا ماثورا من المبتكر المبدع الذي غير العالم / |
| بيان المسئوليه,etc | الان كين توماس؛ نقله الى العربي معين الامام |
| 250 ## - بيان الطبعة | |
| بيان الطبعة | ط. 1 |
| 260 ## - PUBLICATION, DISTRIBUTION, ETC. (IMPRINT) | |
| مكان الناشر او الموزع | الرياض : |
| اسم الناشر او الموزع | العبيكان للنشر، |
| تاريخ النشر أو التوزيع | 2012 |
| 300 ## - الوصف المادى | |
| التعداد | 151ص.؛ |
| أبعاد الوعاء | 18 سم . |
| 650 ## - المدخل الاضافى بالموضوع-مصطلح موضوعى | |
| مصطلح موضوعي أو اسم جغرافي كعنصر مدخل | الاتصالات السلكية واللاسلكية |
| 9 (RLIN) | 20093 |
| 650 ## - المدخل الاضافى بالموضوع-مصطلح موضوعى | |
| مصطلح موضوعي أو اسم جغرافي كعنصر مدخل | الاجهزة الالكترونية |
| 942 ## - عناصر المدخل الإضافي( كوها) | |
| مصدر التصنيف او مخطط الترفيف | Dewey Decimal Classification |
| Koha [default] item type | كتاب |
| حالة الفقد | نموذج السعر الفعال | حالة تلف | ليس للاعارة | رقم الطلب | رقم النسخة | تاريخ الاكتساب | الموقع الحالي | الباركود | الفرع الرئيسي | Date last seen | نوع المادة فى نظام كوها | مصدر التصنيف او خطة الترفيف | Total Checkouts |
|---|---|---|---|---|---|---|---|---|---|---|---|---|---|
| 2013-09-22 | Not For Loan | 621.38 ت ا ح | 1 | 2013-09-22 | المكتبة المركزية بالمجمعة (CL) | 00309831 | المكتبة المركزية بالمجمعة (CL) | 2013-09-22 | كتاب | Dewey Decimal Classification | |||
| 2013-09-30 | 621.38 ت ا ح | 2 | 2013-09-30 | المكتبة المركزية بالمجمعة (CL) | 00309832 | المكتبة المركزية بالمجمعة (CL) | 2013-09-30 | كتاب | Dewey Decimal Classification | ||||
| 2013-09-30 | 621.38 ت ا ح | 3 | 2013-09-30 | المكتبة المركزية بالمجمعة (CL) | 00309833 | المكتبة المركزية بالمجمعة (CL) | 2013-09-30 | كتاب | Dewey Decimal Classification | ||||
| 2013-09-30 | Not For Loan | 621.38 ت ا ح | 1 | 2013-09-30 | قسم الاجراءات الفنية (IC) | 00309841 | قسم الاجراءات الفنية (IC) | 2013-09-30 | كتاب | Dewey Decimal Classification | |||
| 2013-09-30 | 621.38 ت ا ح | 2 | 2013-09-30 | قسم الاجراءات الفنية (IC) | 00309842 | قسم الاجراءات الفنية (IC) | 2013-09-30 | كتاب | Dewey Decimal Classification | ||||
| 2013-09-30 | Not For Loan | 621.38 ت ا ح | 1 | 2013-09-30 | مكتبة كلية العلوم و الدراسات الإنسانية برماح - طالبات (SRF) | 00309837 | مكتبة كلية العلوم و الدراسات الإنسانية برماح - طالبات (SRF) | 2013-09-30 | كتاب | Dewey Decimal Classification | |||
| 2013-09-30 | 621.38 ت ا ح | 2 | 2013-09-30 | مكتبة كلية العلوم و الدراسات الإنسانية برماح - طالبات (SRF) | 00309838 | مكتبة كلية العلوم و الدراسات الإنسانية برماح - طالبات (SRF) | 2013-09-30 | كتاب | Dewey Decimal Classification | ||||
| 2013-09-30 | Not For Loan | 621.38 ت ا ح | 1 | 2013-09-30 | مكتبة كلية العلوم و الدراسات الإنسانية برماح - طلاب (SRM) | 00309839 | مكتبة كلية العلوم و الدراسات الإنسانية برماح - طلاب (SRM) | 2013-09-30 | كتاب | Dewey Decimal Classification | |||
| 2013-09-30 | 621.38 ت ا ح | 2 | 2013-09-30 | مكتبة كلية العلوم و الدراسات الإنسانية برماح - طلاب (SRM) | 00309840 | مكتبة كلية العلوم و الدراسات الإنسانية برماح - طلاب (SRM) | 2013-09-30 | كتاب | Dewey Decimal Classification | ||||
| 2013-09-30 | Not For Loan | 621.38 ت ا ح | 1 | 2013-09-30 | مكتبة مجمع الكليات بالزلفى - طلاب (SZM) | 00309834 | مكتبة مجمع الكليات بالزلفى - طلاب (SZM) | 2013-09-30 | كتاب | Dewey Decimal Classification | |||
| 2013-09-30 | 621.38 ت ا ح | 2 | 2013-09-30 | مكتبة مجمع الكليات بالزلفى - طلاب (SZM) | 00309835 | مكتبة مجمع الكليات بالزلفى - طلاب (SZM) | 2013-09-30 | كتاب | Dewey Decimal Classification |
